000 00561nam a2200193 i 4500
001 27216
003 ES-MaACL
005 20230906153559.0
007 t|
008 030113s1982 sp ||||1| spa d
100 1 _aArroyo Montero, Rosa.
_923376
245 1 0 _aAnimación en el museo /
_cRosa Arroyo Montero.
260 _a[Madrid] :
_bNuevo Sendero,
_c[1982]
300 _a11 p. :
_bil. ;
_c22 cm.
490 1 _aCuadernos Píndaro ;
_v6
830 0 _aCuadernos Píndaro ;
_v6
_9229202
852 _aES-MaACL
_j2123-F-7
_bR.103055
999 _c27216
_d27216